000
00233nam a2200097Ia 4500
005
20251222114405.0
008
251222s1900||||xx |||||||||||||| ||spa||
082
_a
DVD0095/P87
245
0
_a
Mega proyecto minero: Las Bambas:
942
_c
DVD
999
_c
1789
_d
1789